Malý atlas domácí zábavy, aneb, Irmička se baví /

Knížka o malé holce Irmičce a o tátovi, nebo o tátovi a o Irmičce, záleží na tom, jak se to vezme a jak ji budete číst. Jsou to příhody bláznivé, plné fantazie a humoru.

Hlavní autor: S.d.Ch., 1970-
Další autoři: Rutová, Magdalena, 1988-
Jazyk: Čeština
Vydáno: Praha : Baobab, 2025
Vydání: Vydání první
Témata:
Fyzický popis: 91 stran : barevné ilustrace ; 16 cm
Knihy
Uloženo v:
LEADER 02144nam a2200457 i 4500
001 nkc20253713225
003 CZ PrNK
005 20251111125043.0
007 ta
008 251009s2025 xr a b 000 j cze
015 |a cnb003713225 
020 |a 978-80-7515-196-4  |q (vázáno)  |z 978-80-7515-187-2 
035 |a (OCoLC)1559932090 
040 |a ABG001  |b cze  |e rda 
072 7 |a 821.162.3-3  |x Česká próza  |2 Konspekt  |9 25 
072 7 |a 821-93  |x Literatura pro děti a mládež (beletrie)  |2 Konspekt  |9 26 
080 |a 821.162.3-32  |2 MRF 
080 |a 821-93  |2 MRF 
080 |a (0:82-32)  |2 MRF 
100 0 |a S.d.Ch.,  |d 1970-  |7 jo2014836492  |4 aut 
245 1 0 |a Malý atlas domácí zábavy, aneb, Irmička se baví /  |c napsal S.d.Ch. ; ilustrovala Magdalena Rutová 
246 3 0 |a Irmička se baví 
250 |a Vydání první 
264 1 |a Praha :  |b Baobab,  |c 2025 
300 |a 91 stran :  |b barevné ilustrace ;  |c 16 cm 
336 |a text  |b txt  |2 rdacontent 
337 |a bez média  |b n  |2 rdamedia 
338 |a svazek  |b nc  |2 rdacarrier 
520 2 |a Knížka o malé holce Irmičce a o tátovi, nebo o tátovi a o Irmičce, záleží na tom, jak se to vezme a jak ji budete číst. Jsou to příhody bláznivé, plné fantazie a humoru.  |b V podání těch dvou se z každodenního života stává fantastické dobrodružství. Kouzlo knihy tkví ve vířivé radosti z vymýšlení, v humoru ukrytém v dětské fantazii, a také - a možná především - v samotném jazyce. Výjimečně hravý jazyk knihy přináší radost dětem i dospělým, stejně jako potrhlé ilustrace Magdaleny Rutové. Nakladatelská anotace. Kráceno. 
655 7 |a české příběhy  |7 fd133973  |2 czenas 
655 7 |a publikace pro děti  |7 fd133156  |2 czenas 
655 9 |a Czech stories  |2 eczenas 
655 9 |a children's literature  |2 eczenas 
700 1 |a Rutová, Magdalena,  |d 1988-  |7 mzk2016930624  |4 ill 
910 2 |a BOA001  |b 1-1550.461 
920 |a 5161857  |z ABG001 
928 9 |a Baobab&GplusG 
990 |a BK 
995 |a 01 
991 |b 202510  |c NOV 
996 6 |b 2611015932  |c 1-1550.461  |l MZK  |r Sklad / do 1 hodiny  |n 1  |p p.v.  |w 002022113  |u 000010  |a 1  |e BOA001  |j MZK50  |s P